| 000 | 00506nam a22001817a 4500 | ||
|---|---|---|---|
| 005 | 20260313152452.0 | ||
| 008 | 260313b |||||||| |||| 00| 0 eng d | ||
| 020 | _a9780495100775 | ||
| 020 | _a0495100773 | ||
| 050 |
_aHV11 _b.R84 RUB |
||
| 100 | _aRubin Allen | ||
| 245 |
_aResearch Methods for Social Work/ _cAllen Rubin & Earl R. Babbie |
||
| 250 | _a6th Ed. | ||
| 260 |
_aAustralia _bThomson Brooks/Cole _c2008 |
||
| 500 | _aIncludes Index | ||
| 700 | _aBabbie Earl R. | ||
| 942 |
_2lcc _cBK _e6th Ed. _n0 |
||
| 999 |
_c9028 _d9028 |
||